000 02105nam a22003017a 4500
003 PE SENCICO BE
005 20251020182636.0
008 230512b |||||||| |||| 00| 0 eng d
020 _a84-7585-408-7
040 _aPE SENCICO BE
_cPE SENCICO BE
041 _aspa
082 _a516.154
_bM26
100 1 _9444
_aMartinez Torres, L. M.
_eautor
245 1 _aPlanos acotados aplicados a geología :
_bproblemas resueltos /
_cL.M. Martínez-Torres, R. Ramón-Lluch, L. Eguiluz
250 _a[1a ed.]
260 _aBilbao:
_bServicio editorial de la Universidad del pais Vasco,
_c1993
300 _a155 páginas :
_bdiagramas ;
_c30 cm.
504 _aBibliografía: p. 155.
505 0 _aOrientación en el espacio de elementos geológicos -- Escala -- Sistema de proyección en planos acotados -- El abatimiento -- El problema de los tres puntos -- Buzamiento aparente -- Conocidos dos buzamientos aparentes determinar el plano -- Sondeos -- Trazar un plano de buzamiento dado por una recta dada -- Distancias y potencias -- Abatimiento de un plano cualquiera -- Rake -- Intersección de planos -- Angulo diedro -- Fallas
520 3 _aDentro de las ciencias geológicas, las técnicas geométricas básicas son imprescindibles para resolver problemas cartográficos, de geología estructural, estratigráficos, prospección de hidrocarburos, obras públicas y minería. Entre estas técnicas destaca la proyección en planos acotados. Esta obra está pensada para alumnos de geología en facultades y escuelas técnicas que, a menudo, encuentran dificultad para asimilar estas técnicas. Explica los fundamentos de la proyección en planos acotados, con el fin de desarrollar una buena visión espacial, y aborda los problemas más comunes a través de dibujos seriados, que permiten seguir su desarrollo de un modo claro y ordenado.
650 1 4 _91020
_aGeometría plana
650 2 4 _9874
_aProyecciones e isometrías
650 2 4 _932
_aGeología estructural
700 1 _91021
_aRamón-Lluch, R.
_eautor
700 1 _91022
_aEguiluz, L.
_eautor
910 _bhfp
_chfp
942 _2ddc
_cLIB
999 _c4143
_d4143